LEADER 04462nam 22008415 450 001 996466255403316 005 20200702085628.0 010 $a3-642-28997-5 024 7 $a10.1007/978-3-642-28997-2 035 $a(CKB)3360000000365964 035 $a(SSID)ssj0000665923 035 $a(PQKBManifestationID)11422015 035 $a(PQKBTitleCode)TC0000665923 035 $a(PQKBWorkID)10646828 035 $a(PQKB)10728043 035 $a(DE-He213)978-3-642-28997-2 035 $a(MiAaPQ)EBC3070402 035 $a(PPN)168313375 035 $a(Association for Computing Machinery)10.5555/2260641 035 $a(EXLCZ)993360000000365964 100 $a20120405d2012 u| 0 101 0 $aeng 135 $aurnn#008mamaa 181 $ctxt 182 $cc 183 $acr 200 10$aAdvances in Information Retrieval $e34th European Conference on IR Research, ECIR 2012, Barcelona, Spain, April 1-5, 2012, Proceedings /$fedited by Ricardo Baeza-Yates, Arjen P. de Vries, Hugo Zaragoza, B. Barla Cambazoglu, Vanessa Murdock, Ronny Lempel, Fabrizio Silvestri 205 $a1st ed. 2012. 210 1$aBerlin, Heidelberg :$cSpringer Berlin Heidelberg :$cImprint: Springer,$d2012. 215 $a1 online resource (XXIV, 588 p.) 225 1 $aInformation Systems and Applications, incl. Internet/Web, and HCI ;$v7224 300 $aBibliographic Level Mode of Issuance: Monograph 311 $a3-642-28996-7 320 $aIncludes bibliographical references and index. 330 $aThis book constitutes the proeedings of the 34th European Conference on IR Research, ECIR 2012, held in Barcelona, Spain, in April 2012. The 37 full papers, 28 poster papers and 7 demonstrations presented in this volume were carefully reviewed and selected from 167 submissions. The contributions are organized in sections named: query representation; blogs and online-community search; semi-structured retrieval; evaluation; applications; retrieval models; image and video retrieval; text and content classification, categorisation, clustering; systems efficiency; industry track; and posters. 410 0$aInformation Systems and Applications, incl. Internet/Web, and HCI ;$v7224 517 3 $aECIR'12 606 $aInformation storage and retrieval 606 $aDatabase management 606 $aData mining 606 $aApplication software 606 $aMultimedia information systems 606 $aArtificial intelligence 606 $aInformation Storage and Retrieval$3https://scigraph.springernature.com/ontologies/product-market-codes/I18032 606 $aDatabase Management$3https://scigraph.springernature.com/ontologies/product-market-codes/I18024 606 $aData Mining and Knowledge Discovery$3https://scigraph.springernature.com/ontologies/product-market-codes/I18030 606 $aInformation Systems Applications (incl. Internet)$3https://scigraph.springernature.com/ontologies/product-market-codes/I18040 606 $aMultimedia Information Systems$3https://scigraph.springernature.com/ontologies/product-market-codes/I18059 606 $aArtificial Intelligence$3https://scigraph.springernature.com/ontologies/product-market-codes/I21000 615 0$aInformation storage and retrieval. 615 0$aDatabase management. 615 0$aData mining. 615 0$aApplication software. 615 0$aMultimedia information systems. 615 0$aArtificial intelligence. 615 14$aInformation Storage and Retrieval. 615 24$aDatabase Management. 615 24$aData Mining and Knowledge Discovery. 615 24$aInformation Systems Applications (incl. Internet). 615 24$aMultimedia Information Systems. 615 24$aArtificial Intelligence. 676 $a025.04 702 $aBaeza-Yates$b Ricardo$4edt$4http://id.loc.gov/vocabulary/relators/edt 702 $ade Vries$b Arjen P$4edt$4http://id.loc.gov/vocabulary/relators/edt 702 $aZaragoza$b Hugo$4edt$4http://id.loc.gov/vocabulary/relators/edt 702 $aCambazoglu$b B. Barla$4edt$4http://id.loc.gov/vocabulary/relators/edt 702 $aMurdock$b Vanessa$4edt$4http://id.loc.gov/vocabulary/relators/edt 702 $aLempel$b Ronny$4edt$4http://id.loc.gov/vocabulary/relators/edt 702 $aSilvestri$b Fabrizio$4edt$4http://id.loc.gov/vocabulary/relators/edt 906 $aBOOK 912 $a996466255403316 996 $aAdvances in Information Retrieval$9772246 997 $aUNISA